• 首页
  • 本馆介绍
  • 公告通知
  • 最新文献
  • 馆藏检索
  • 电子资源
  • 读者导购
  • 参考咨询
  • 我的图书馆
  • 登录
  • 详细信息显示
  • 放入我的书架
  • 预约/预借图书
  • 作者相关作品
  • 分类相关作品
  • 丛书相关作品
  • 出版社相关作品

书目信息

  • 表格格式
  • 工作单格式
  • 卡片格式
题名:
新技术革命的崛起
    
 
作者: 李宝恒 著
分册:  
出版信息: 北京   科学技术出版社  1984.7
页数: 70页
开本: 20cm
丛书名:
单 册:
中图分类: N1
科图分类:
主题词: 自然科学--现状 , 自然科学--概况
电子资源:
ISBN:
000 00549nam0 2200205 45
001 0312221749
005 20060812110637.28
010    @dCNY0.32
091    @a15031.599
100    @a20031222d1984 km y0chiy0120 ea
101    @achi
200 1  @a新技术革命的崛起@AXin Ji Shu Ge Ming De Jue Qi@f李宝恒著@FLi Bao Heng Zhu
210    @a北京@c科学技术出版社@d1984.7
215    @a70页@d20cm
606 0  @a自然科学@x现状
606 0  @a自然科学@x概况
690    @aN1@v3
701 0  @a李宝恒@4著
801    @aCN@bTSTCL@c20060812
905    @dN1@e19@f4@b112048-051
    
    新技术革命的崛起/李宝恒著.-北京:科学技术出版社,1984.7
    70页;20cm
    
    
    ISBN :CNY0.32
    
●
相关链接 在E读中查询图书 在五车中查询图书 在当当中查询图书 在豆瓣中查询图书


正题名:新技术革命的崛起     索取号:N1/19         预约/预借

序号 登录号 条形码 馆藏地/架位号 状态 备注
1 0112048   000566408   第三借阅区/ [索取号:N1/19] 在馆    
2 0112049   000565454   第二样本阅览室/ [索取号:N1/19] 在馆    
3 0112050   000565463   第三借阅区/ [索取号:N1/19] 在馆    
4 0112051   000565472   第三借阅区/ [索取号:N1/19] 在馆    
5 0112052   202214549   密集书库/ [索取号:N1/19] 在馆    
6 0452360   204523603   密集书库/ [索取号:N1/19] 在馆    
唐山师范学院图书馆 欢迎您!
大连网信软件有限公司© 版权所有